00521nam a2200157Ia 4500008004100000041000800041082001600049100001900065245003000084250001400114260003800128300003100166365001100197999001700208952013800225240624s9999 xx 000 0 und d aeng a346.066 KUM aKUMAR RAVINDER aLEGAL ASPECTS OF BUSINESS a(3rd ed.) c2013aNew DelhibCengage Learning axxv, : 818 : p. : cm. ; 26 cRSb31 c25176d25176 00104070aIMTNbIMTNcRack 13-Bd2015-10-08eWBDg525.00l1o346.066 KUMp25176r2025-01-21 00:00:00s2025-01-09t1w2024-06-24yBK